MARC details
| 000 -LEADER |
| fixed length control field |
01652 a2200385 4500 |
| 001 - CONTROL NUMBER |
| control field |
57421 |
| 003 - CONTROL NUMBER IDENTIFIER |
| control field |
TR-AnTOB |
| 005 - DATE AND TIME OF LATEST TRANSACTION |
| control field |
20200407152602.0 |
| 008 - FIXED-LENGTH DATA ELEMENTS--GENERAL INFORMATION |
| fixed length control field |
160711s2006 njua 001 0 c |
| 010 ## - LIBRARY OF CONGRESS CONTROL NUMBER |
| LC control number |
2005933651 |
| 015 ## - NATIONAL BIBLIOGRAPHY NUMBER |
| National bibliography number |
GBA582136 |
| Source |
bnb |
| 016 ## - NATIONAL BIBLIOGRAPHIC AGENCY CONTROL NUMBER |
| Record control number |
013301563 |
| Source |
Uk |
| 020 ## - INTERNATIONAL STANDARD BOOK NUMBER |
| International Standard Book Number |
0471754935 (pbk.) |
| 035 ## - SYSTEM CONTROL NUMBER |
| System control number |
(OCoLC)ocm61757032 |
| 040 ## - CATALOGING SOURCE |
| Original cataloging agency |
UKM |
| Transcribing agency |
UKM |
| Modifying agency |
BAKER |
| -- |
TXA |
| -- |
DLC |
| 041 ## - LANGUAGE CODE |
| Language code of text/sound track or separate title |
İngilizce |
| 042 ## - AUTHENTICATION CODE |
| Authentication code |
pcc |
| 050 ## - LIBRARY OF CONGRESS CALL NUMBER |
| Classification number |
QA76.76.O63 |
| Item number |
B366182 2006 |
| 090 ## - LOCALLY ASSIGNED LC-TYPE CALL NUMBER (OCLC); LOCAL CALL NUMBER (RLIN) |
| Classification number (OCLC) (R) ; Classification number, CALL (RLIN) (NR) |
QA76.76.O63 B366182 2006 |
| 100 ## - MAIN ENTRY--PERSONAL NAME |
| Personal name |
Barkakati, Nabajyoti, |
| Dates associated with a name |
1956- |
| 9 (RLIN) |
29970 |
| 245 #0 - TITLE STATEMENT |
| Title |
SUSE Linux 10 for dummies / |
| Statement of responsibility, etc. |
by Naba Barkakati. |
| 264 #1 - PRODUCTION, PUBLICATION, DISTRIBUTION, MANUFACTURE, AND COPYRIGHT NOTICE |
| Place of production, publication, distribution, manufacture |
Hoboken, NJ : |
| Name of producer, publisher, distributor, manufacturer |
Wiley, |
| Date of production, publication, distribution, manufacture, or copyright notice |
c2006. |
| 300 ## - PHYSICAL DESCRIPTION |
| Extent |
xvi, 356 p. : |
| Other physical details |
ill. ; |
| Dimensions |
24 cm. + |
| Accompanying material |
e 1 DVD-ROM (4 3/4 in.). |
| 490 0# - SERIES STATEMENT |
| Series statement |
--For dummies |
| 500 ## - GENERAL NOTE |
| General note |
Includes index. |
|
| General note |
Accompanying DVD-ROM contains SUSE Linux 10 Special Edition. |
| 538 ## - SYSTEM DETAILS NOTE |
| System details note |
System requirements for accompanying DVD-ROM: a PC with an Intel Pentium or compatible processor running at 400 MHz or faster for graphical installation; at least 256MB of total RAM installed on your computer for graphical installation (512MB recommended); at least 520MB free space on your hard drive for a minimal installation (5GB of free space recommended if you plan to install most packages, so that you can try out everything covered in this book); a DVD-ROM drive. |
| 630 #0 - SUBJECT ADDED ENTRY--UNIFORM TITLE |
| Uniform title |
Linux. |
| 650 ## - SUBJECT ADDED ENTRY--TOPICAL TERM |
| Topical term or geographic name entry element |
İşletim Sistemleri (Bilgisayarlar) |
| 9 (RLIN) |
6714 |
|
| Topical term or geographic name entry element |
Operating systems (Computers) |
| 9 (RLIN) |
318 |
| 856 ## - ELECTRONIC LOCATION AND ACCESS |
| Uniform Resource Identifier |
<a href="http://www.loc.gov/catdir/toc/fy0613/2005933651.html">http://www.loc.gov/catdir/toc/fy0613/2005933651.html</a> |
| Materials specified |
Table of contents only |
| 901 ## - LOCAL DATA ELEMENT A, LDA (RLIN) |
| a |
0017944,CD00935 |
| 942 ## - ADDED ENTRY ELEMENTS (KOHA) |
| Koha item type |
Book |